| 000 | 00489nam a2200145 a 4500 | ||
|---|---|---|---|
| 008 | 120416s0000 ||||||||||||||||| || u | ||
| 020 | _a0818000287 | ||
| 050 | _aNA 4470 Cou | ||
| 100 | _aPare, Richard | ||
| 245 | 1 | 0 | _aCourt House |
| 246 | _aa photographic document | ||
| 260 |
_aNew York _bHorizon Press _c1978 |
||
| 350 | _a0.00 | ||
| 995 |
_D0.00 _FCBU-MAIN LIBRARY (Kitwe) _H1 _I0.00 _M1 _UAVAILABLE _ZAnnex Low-Usage Collection |
||
| 999 |
_c39087 _d39087 |
||